<?xml version="1.0" encoding="UTF-8"?>
<record
    xmlns:xsi="http://www.w3.org/2001/XMLSchema-instance"
    xsi:schemaLocation="http://www.loc.gov/MARC21/slim http://www.loc.gov/standards/marcxml/schema/MARC21slim.xsd"
    xmlns="http://www.loc.gov/MARC21/slim">

  <leader>01600na  a2200289   4500</leader>
  <controlfield tag="001">18402</controlfield>
  <controlfield tag="003">MIRAKIL</controlfield>
  <controlfield tag="005">20181213155035.0</controlfield>
  <controlfield tag="008">161117b        tu            000 0      </controlfield>
  <datafield tag="040" ind1=" " ind2=" ">
    <subfield code="a">Milas</subfield>
    <subfield code="b">tur</subfield>
    <subfield code="c">TR-AnCHP</subfield>
  </datafield>
  <datafield tag="041" ind1=" " ind2=" ">
    <subfield code="a">tur</subfield>
  </datafield>
  <datafield tag="082" ind1=" " ind2=" ">
    <subfield code="a">327.561058</subfield>
    <subfield code="b">T96 1993</subfield>
  </datafield>
  <datafield tag="090" ind1=" " ind2=" ">
    <subfield code="a">327.561058 T96 1993</subfield>
  </datafield>
  <datafield tag="245" ind1=" " ind2=" ">
    <subfield code="a">T&#xFC;rkiye ile T&#xFC;rk Cumhuriyetleri ve T&#xFC;rk topluluklar&#x131; aras&#x131;nda yap&#x131;lan anla&#x15F;malar, ili&#x15F;kiler ve faaliyetler</subfield>
    <subfield code="c">haz&#x131;rlayanlar Tahir Erdo&#x11F;an &#x15E;ahin, Fatma Zehra Esmeray, Metin Akg&#xFC;ney</subfield>
  </datafield>
  <datafield tag="260" ind1=" " ind2=" ">
    <subfield code="a">Ankara </subfield>
    <subfield code="b">MEB</subfield>
    <subfield code="c">1993</subfield>
  </datafield>
  <datafield tag="300" ind1=" " ind2=" ">
    <subfield code="a">c.&lt;1&gt;</subfield>
    <subfield code="c">24 sm.</subfield>
  </datafield>
  <datafield tag="440" ind1=" " ind2=" ">
    <subfield code="a">Milli E&#x11F;itim Bakanl&#x131;&#x11F;&#x131; Talim ve Terbiye Kurulu Ba&#x15F;kanl&#x131;&#x11F;&#x131; T&#xFC;rk Cumhuriyetleri ve T&#xFC;rk Topluluklar&#x131; Dairesi Yay&#x131;nlar&#x131;</subfield>
    <subfield code="v">1/1</subfield>
  </datafield>
  <datafield tag="490" ind1=" " ind2=" ">
    <subfield code="a">Belgeler serisi</subfield>
    <subfield code="v">1/1</subfield>
  </datafield>
  <datafield tag="505" ind1=" " ind2=" ">
    <subfield code="a">c. 1 : T&#xFC;rkiye ile T&#xFC;rk Cumhuriyetleri ve T&#xFC;rk topluluklar&#x131; aras&#x131;nda tek ve &#xE7;ok tarafl&#x131; olarak yap&#x131;lan toplant&#x131; tutanaklar&#x131;, protokoller, mutabakat zab&#x131;tlar&#x131;, anla&#x15F;ma metinleri,s&#xF6;zle&#x15F;meler-1990-1992- c. 2 : T. C. Milli E&#x11F;itim Bakanl&#x131;&#x11F;&#x131;'n&#x131;n T&#xFC;rk Cumhuriyetleri ve T&#xFC;rk Topluluklar&#x131;yla ilgili olarak yapm&#x131;&#x15F; oldu&#x11F;u &#xE7;al&#x131;&#x15F;malar -1990-1993- c. 3 : &#xC7;e&#x15F;itli kurum ve kurulu&#x15F;lar&#x131;n T&#xFC;rk Cumhuriyetleri ve T&#xFC;rk topluluklar&#x131; ile ilgili olarak yapm&#x131;&#x15F; olduklar&#x131; anla&#x15F;malar ve faaliyetler).</subfield>
  </datafield>
  <datafield tag="650" ind1=" " ind2=" ">
    <subfield code="a">Uluslararas&#x131; antla&#x15F;malar</subfield>
  </datafield>
  <datafield tag="651" ind1=" " ind2=" ">
    <subfield code="a">T&#xFC;rk Cumhuriyetleri</subfield>
    <subfield code="x">D&#x131;&#x15F; ili&#x15F;kiler</subfield>
    <subfield code="z">T&#xFC;rkiye</subfield>
  </datafield>
  <datafield tag="651" ind1=" " ind2=" ">
    <subfield code="a">T&#xFC;rkiye</subfield>
    <subfield code="x">D&#x131;&#x15F; ili&#x15F;kiler</subfield>
    <subfield code="y">T&#xFC;rk Cumhuriyetleri</subfield>
  </datafield>
  <datafield tag="700" ind1=" " ind2=" ">
    <subfield code="a">Akg&#xFC;ney, Metin</subfield>
  </datafield>
  <datafield tag="700" ind1=" " ind2=" ">
    <subfield code="a">Esmeray, Fatma Zehra</subfield>
  </datafield>
  <datafield tag="700" ind1=" " ind2=" ">
    <subfield code="a">&#x15E;ahin, Tahir Erdo&#x11F;an</subfield>
  </datafield>
  <datafield tag="942" ind1=" " ind2=" ">
    <subfield code="2">dcc</subfield>
    <subfield code="c">BKS</subfield>
  </datafield>
  <datafield tag="952" ind1=" " ind2=" ">
    <subfield code="a">0001</subfield>
    <subfield code="b">0001</subfield>
    <subfield code="d">2016-11-17</subfield>
    <subfield code="e">2</subfield>
    <subfield code="l">0</subfield>
    <subfield code="o">327.561058 T96 1993</subfield>
    <subfield code="p">010036</subfield>
    <subfield code="r">2016-11-17 00:00:00</subfield>
    <subfield code="v">0.00</subfield>
    <subfield code="w">2016-11-17</subfield>
    <subfield code="y">BKS</subfield>
  </datafield>
  <datafield tag="999" ind1=" " ind2=" ">
    <subfield code="c">5390</subfield>
    <subfield code="d">5390</subfield>
  </datafield>
</record>
